000 01317nam a2200277Ia 4500
999 _c54910
_d54910
001 21981
003 GE_BSU
005 20220921123721.0
008 181216s2009||||ge |||||||||||||| ||geo||
020 _a9789941127021
040 _cGE_BSU
041 _ageo
080 _a821.353.1(092ინანიშვილი, რ.) შ-81
100 _aშოთაძე, ქეთევან
_914660
245 _aსულის მხატვარი - რევაზ ინანიშვილი /
_cქეთევან შოთაძე ; რედ.: მაია ჯალიაშვილი, მალხაზ ჩოხარაძე.
264 _aთბილისი :
_bუნივერსალი,
_c2009.
300 _a136 გვ. ;
_c20 სმ.
541 _h6ლ.
653 _aსულის მხატვარი
653 _aრევაზ ინანიშვილი
653 _aქართული ლიტერატურა
653 _aქართული ლიტერატურის ისტორია და კრიტიკა.
700 _aჯალიაშვილი, მაია
_eრედაქტორი
_913652
700 _aჩოხარაძე, მალხაზ
_eრედაქტორი
_914661
942 _cBK
_2udc